| 000 | 01559nam0a2200373 4500 | ||
|---|---|---|---|
| 001 | RU\NLR\BIBL_A\011457720 | ||
| 005 | 20241103131102.0 | ||
| 010 |
_a9785845921130 _9200 |
||
| 021 |
_aRU _b2017-55308 _93936 |
||
| 035 | _a(RuMoRGB)008636592 | ||
| 035 | _a(NLR Aleph) 011457720 | ||
| 090 |
_a11786066 _c11786066 |
||
| 100 | _a20170817d2017 m y0rusy50 ca | ||
| 101 | 1 |
_arus _ceng |
|
| 102 | _aRU | ||
| 105 | _aa z 001zy | ||
| 200 | 1 |
_aВязание крючком для чайников _fКарен Мантей, Сьюзен Бриттейн _g[перевод с англ. Н. Н. Лопаевой] |
|
| 210 |
_aМосква [и др.] _cДиалектика _d2017 |
||
| 215 |
_a285, [3] с., [4] л. цв. ил. _cил. _d24 |
||
| 225 | 1 | _aВедь это так просто! | |
| 225 | 1 |
_a... для чайников _d... for dummies _eсерия популярных книг от Диалектики |
|
| 300 | _aЗагл. и авт. ориг.: Crocheting for dummies / by Karen Manthey, Susan Brittain | ||
| 320 | _aПредм. указ. в конце кн. | ||
| 454 | 0 |
_12001#$aCrocheting for dummies _1700#1$aManthey$bK.$gKaren _1701#1$aBrittain$bS.$gSusan _tCrocheting for dummies _aManthey, Karen |
|
| 606 |
_aВязание крючком _92079518 _3RU\NLR\AUTH\661255404 |
||
| 675 | _a646/649 | ||
| 686 |
_aМ483я78-1 _2rubbk |
||
| 686 | 1 | _aМ483 | |
| 700 | 1 |
_aМантей _bК. _gКарен |
|
| 701 | 1 |
_aБриттейн _bС. _gСьюзен |
|
| 942 | _cBOOK | ||
| 980 | _aNBR | ||